000 00392nam a22001337a 4500
999 _c515526
_d515526
008 210130b ||||| |||| 00| 0 eng d
100 _aHusain, Sabha
_924007
245 _aThe other face of azadi: The presence of women in the movement
260 _aSocial Scientist
300 _a48(7-8), Jul-Aug, 2020: p.59-74
773 _aSocial Scientist
906 _aWOMEN - INDIA
942 _cAR